000 00257nam a2200109Ia 4500
008 190216s9999||||xx |||||||||||||| ||und||
100 _aJeffrey Archer
245 2 _aA Matter Of Honour
260 _bBantam Books
650 _aEnglish Literature
942 _cBK
999 _c13356
_d13356